| 000 | 01250nam0a22002651 4500 | ||
|---|---|---|---|
| 001 | rc\2615729 | ||
| 005 | 20230502143232.0 | ||
| 035 | _a(NLR Aleph) 006779488 | ||
| 090 |
_a6029130 _c6029130 |
||
| 100 | _a20110914d1931 |||y0rusy50 ca | ||
| 101 | 0 | _arus | |
| 102 | _aRU | ||
| 105 | _aa z ||||| | ||
| 200 | 1 |
_aАнализ воздуха в промышленных предприятиях _eРуководство к химическому исследованию вредных газов, паров и пыли в воздухе фабрично-заводских помещений _fМ. К. Гродзовский _gПод ред. и с пред. (к 1-му изд.) проф. Г. В. Хлопина |
|
| 205 | _a2-е изд., совершенно перераб. | ||
| 210 |
_aМосква _aЛенинград _cОгиз - Гос. соц.-экон. изд-во _d1931 _eЛенинград _gтип. им. Бухарина |
||
| 215 |
_a288 с. _cил. _d23х15 см. |
||
| 700 | 1 |
_aГродзовский _bМ. К. _f1894- _gМотель Калманович |
|
| 702 | 1 |
_aХлопин _bГ. В. _4340 _4080 |
|
| 801 | 0 |
_aRU _bNLR _gpsbo |
|
| 801 | 1 |
_aRU _bELAR _2rusmarc |
|
| 852 |
_aNLR _j31-4/721 |
||
| 942 | _cBOOK | ||
| 980 | _aNB | ||